000 00426nam a2200157Ia 4500
008 210716s1993 xx 000 0 und d
020 _a81856231125
041 _aeng
082 _a005.268 MATM
100 _aMatthews, Martin S.
245 _aPower of windows and dos: windows magzine.
_bWindows magzine.
250 _a1
260 _aNew Delhi
_bGalgotia Publication Pvt Ltd
_c1993
300 _axxii,489
650 _aNone
999 _c182617
_d182617